[Event "Krakow KKSz-ch"]
[Site "Krakow"]
[Date "2009.08.16"]
[Round "6"]
[White "Kaczor, Boguslaw"]
[Black "Szuper, Paul"]
[Result "1/2-1/2"]
[WhiteElo "2007"]
[BlackElo "2197"]
[PlyCount "79"]
[EventDate "2009.08.12"]
[EventType "swiss"]
[EventRounds "9"]
[EventCountry "POL"]
[SourceTitle "CBM 132 Extra"]
[Source "ChessBase"]
[SourceDate "2009.11.03"]
[SourceVersion "1"]
[SourceVersionDate "2009.11.03"]
[SourceQuality "1"]

1. Nf3 Nf6 2. g3 e6 3. c4 d5 4. b3 Be7 5. Bg2 0-0 6. 0-0 c6 7. Bb2 b5 8. d3 Ba6 9. Nbd2 Nbd7 10. Qc2 bxc4 11. dxc4 Qb6 12. e3 Rfe8 13. Rfd1 Rab8 14. Rac1 Bb7 15. Ne5 Bd6 16. Ndf3 Rbc8 17. Nxd7 Nxd7 18. Ng5 f5 19. Qe2 Nf6 20. cxd5 cxd5 21. Rxc8 Bxc8 22. Bxf6 gxf6 23. Qh5 Re7 24. Nf3 Bd7 25. Nd4 Be5 26. Bf1 Rg7 27. Rc1 Kf8 28. Bb5 Bxb5 29. Nxb5 Qxb5 30. Rc8+ Ke7 31. a4 Qd7 32. Ra8 Rf7 33. b4 Qc7 34. Rh8 Kd6 35. Qe2 Qc1+ 36. Kg2 Qc4 37. Qh5 Qe4+ 38. Kg1 Qb1+ 39. Kg2 Qe4+ 40. Kg1 1/2-1/2

[Event "Krakow KKSz-ch"]
[Site "Krakow"]
[Date "2009.08.12"]
[Round "1"]
[White "Kaczor, Boguslaw"]
[Black "Zmorzyski, Bohdan"]
[Result "1-0"]
[WhiteElo "2007"]
[BlackElo "1678"]
[PlyCount "63"]
[EventDate "2009.08.12"]
[EventType "swiss"]
[EventRounds "9"]
[EventCountry "POL"]
[SourceTitle "CBM 132 Extra"]
[Source "ChessBase"]
[SourceDate "2009.11.03"]
[SourceVersion "1"]
[SourceVersionDate "2009.11.03"]
[SourceQuality "1"]

1. e4 c5 2. d4 cxd4 3. Nf3 d6 4. Nxd4 Nf6 5. Nc3 a6 6. Be2 e5 7. Nb3 Be6 8. 0-0 Be7 9. f4 Qc7 10. f5 Bc4 11. Be3 Nbd7 12. Bxc4 Qxc4 13. Qd3 Rc8 14. Rac1 0-0 15. h3 b5 16. Nd2 Qxd3 17. cxd3 Nc5 18. Bxc5 Rxc5 19. Nb3 Rc7 20. Kf2 Rfc8 21. Ke2 b4 22. Nd5 Nxd5 23. exd5 Rxc1 24. Rxc1 Rxc1 25. Nxc1 Bd8 26. d4 f6 27. Kd3 Kf7 28. Kc4 a5 29. Kb5 e4 30. Kc6 Ke7 31. Ne2 g5 32. g4 1-0

[Event "Krakow op-B"]
[Site "Krakow"]
[Date "2003.12.31"]
[Round "6"]
[White "Kaczor, Boguslaw"]
[Black "Skrochocka, Justyna"]
[Result "1/2-1/2"]
[WhiteElo "2045"]
[BlackElo "2094"]
[PlyCount "69"]
[EventDate "2003.12.27"]
[EventType "swiss"]
[EventRounds "9"]
[EventCountry "POL"]
[SourceTitle "EXT 2006"]
[Source "ChessBase"]
[SourceDate "2005.11.24"]
[SourceVersion "1"]
[SourceVersionDate "2005.11.24"]
[SourceQuality "1"]

1. c4 e6 2. Nf3 d5 3. g3 Nf6 4. Bg2 dxc4 5. 0-0 Be7 6. Na3 Bxa3 7. bxa3 Nbd7 8. Rb1 0-0 9. Qc2 a6 10. Qxc4 b5 11. Qc2 Bb7 12. Bb2 Rc8 13. a4 c5 14. axb5 axb5 15. a4 b4 16. d3 Qe7 17. Ra1 Ba6 18. Nd2 Nd5 19. Nc4 N7b6 20. Ne5 c4 21. dxc4 Nxc4 22. Nxc4 Bxc4 23. Rfc1 h6 24. Qe4 Ba6 25. Qd4 Nf6 26. Bf3 Bb7 27. Qa7 Nd5 28. a5 Ra8 29. Qd4 Nf6 30. Qh4 Bxf3 31. exf3 Nd5 32. Qxe7 Nxe7 33. Rc7 Nd5 34. Rb7 Ra6 35. Bd4 1/2-1/2

[Event "Krakow op-B"]
[Site "Krakow"]
[Date "2000.12.27"]
[Round "1"]
[White "Wlodarczyk, Oskar"]
[Black "Kaczor, Boguslaw"]
[Result "1-0"]
[WhiteElo "2098"]
[BlackElo "2000"]
[PlyCount "73"]
[EventDate "2000.12.??"]
[EventType "swiss"]
[EventRounds "9"]
[EventCountry "POL"]
[SourceTitle "EXT 2005"]
[Source "ChessBase"]
[SourceDate "2004.11.15"]
[SourceVersion "1"]
[SourceVersionDate "2004.11.15"]
[SourceQuality "1"]

1. e4 c5 2. c3 d5 3. exd5 Qxd5 4. d4 Nc6 5. dxc5 Qxd1+ 6. Kxd1 e5 7. b4 Bf5 8. Bb5 0-0-0+ 9. Ke1 Nf6 10. Bg5 h6 11. Bxf6 gxf6 12. Nd2 Ne7 13. Bc4 Nd5 14. Bxd5 Rxd5 15. Ne2 Rd3 16. Nc4 Be6 17. Nb2 Rd7 18. Ng3 Be7 19. Ke2 Rhd8 20. Rhd1 Rxd1 21. Rxd1 Rxd1 22. Nxd1 Bxa2 23. Nf5 Bf8 24. Nde3 a5 25. bxa5 Kc7 26. Ng4 Be6 27. Ngxh6 Kc6 28. g4 Kxc5 29. Ng8 Kc4 30. Kd2 Kb3 31. h4 Bc5 32. h5 Kc4 33. h6 Bxf5 34. gxf5 Bf8 35. Kc2 e4 36. h7 Bg7 37. Nh6 1-0